Porovnanie vývojových prostredí Flash, Director a MS PowerPoint pre realizáciu vizualizácie a animácie vybraných polovodičových technológií a prvkov : Diplomová práca

Salvato in:
Dettagli Bibliografici
Autore principale: Balák, Pius (Autore)
Altri autori: Riedlmajer, Robert, 1966- (xxx)
Natura: Manoscritto Libro
Lingua:slovacco
Pubblicazione: Trnava : STU v Bratislave MtF KAIA, 2004
Soggetti:
Tags: Aggiungi Tag
Nessun Tag, puoi essere il primo ad aggiungerne!!

MARC

LEADER 00000ntm a22000003a 4500
001 stu89213
005 20160719154721.0
008 040727s2004----xo------------------slo-d
040 |a STU  |b slo 
041 0 |a slo 
044 |a xo 
100 1 |a Balák, Pius  |4 aut 
245 1 |a Porovnanie vývojových prostredí Flash, Director a MS PowerPoint pre realizáciu vizualizácie a animácie vybraných polovodičových technológií a prvkov :  |b Diplomová práca 
260 |a Trnava :  |b STU v Bratislave MtF KAIA,  |c 2004 
300 |a 85 s  |c CD 
650 7 |a aplikovaná informatika a automatizácia v priemysle  |2 stusub 
700 1 |a Riedlmajer, Robert,  |d 1966-  |4 xxx  |u M1000  |U MTF Materiálovotechnologická fakulta  |T MTF Ústav materiálov  |X 235  |U M1000  |Y 81  |7 A000000235 
996 |b 284M059903  |c M*DP-5146  |l MMSKP  |s P  |a 0  |w stu89213_0001